Statistics for X-Men (2000) Characters

Click here to take the quiz!

General Stats

  • This quiz has been taken 17 times
  • The average score is 9 of 10

Answer Stats

HintAnswer% Correct
Famke JanssenJean Grey
100%
Ian McKellanMagneto/Erik Lehnsherr
100%
Sir Patrick StewartProfessor X/Charles Xavier
100%
Anna PaquinRogue/Anne Marie
100%
Hugh JackmanWolverine/Logan
100%
Rebecca RomijnMystique/Raven Darkholme
94%
James MarsdenScott Summers/Cyclops
94%
Halle BerryStorm/Ororo Munroe
94%
Shawn AshmoreBobby Drake/Iceman
82%
Ray ParkMortimer Toynabee/Toad
76%

Score Distribution

Percentile by Number Answered

Percent of People with Each Score

Your Score History

You have not taken this quiz